LEADER 01365nam 2200433 450 001 9910808828103321 005 20180131085150.0 010 $a1-119-42405-4 010 $a1-5231-2163-7 010 $a1-119-42367-8 010 $a1-119-42407-0 035 $a(CKB)4100000000981130 035 $a(MiAaPQ)EBC5317478 035 $a(PPN)234192224 035 $a(EXLCZ)994100000000981130 100 $a20180327h20182018 uy 0 101 0 $aeng 135 $aurcnu|||||||| 181 $2rdacontent 182 $2rdamedia 183 $2rdacarrier 200 10$aIndustrial chemistry of oxides for emerging applications /$fLech Pawlowski, Philippe Blanchart 210 1$aHoboken, New Jersey :$cWiley,$d2018. 210 4$dİ2018 215 $a1 online resource (385 pages) $cillustrations (some color), graphs, charts, tables 311 $a1-119-42362-7 320 $aIncludes bibliographical references at the end of each chapters and index. 606 $aOxides$xIndustrial applications 615 0$aOxides$xIndustrial applications. 676 $a549.5 700 $aPaw?owski$b Lech$01628687 702 $aBlanchart$b Philippe 801 0$bMiAaPQ 801 1$bMiAaPQ 801 2$bMiAaPQ 906 $aBOOK 912 $a9910808828103321 996 $aIndustrial chemistry of oxides for emerging applications$94050901 997 $aUNINA LEADER 01339nam0 22003253i 450 001 VAN0240525 005 20220909010053.619 017 70$2N$a9783030841034 100 $a20220215d2021 |0itac50 ba 101 $aeng 102 $aCH 105 $a|||| ||||| 200 1 $aMars: A Volcanic World$feditor Giovanni Leone 210 $aCham$cSpringer$d2021 215 $aVIII, 327 p.$cill.$d24 cm 620 $aCH$dCham$3VANL001889 676 $a551.9$cGeochimica$v22 676 $a550$cScienze della terra e geologia - Geofisica$v22 676 $a549$cMineralogia$v22 676 $a526$cCartografia - Geodesia$v22 702 1$aLeone$bGiovanni$f1967- $3VANV197066 712 $aSpringer $3VANV108073$4650 801 $aIT$bSOL$c20240614$gRICA 856 4 $uhttps://rd.springer.com/book/10.1007/978-3-030-84103-4$zE-book - Accesso al full-text attraverso riconoscimento IP di Ateneo, proxy e/o Shibboleth 899 $aBIBLIOTECA DEL DIPARTIMENTO DI SCIENZE E TECNOLOGIE AMBIENTALI BIOLOGICHE E FARMACEUTICHE$1IT-CE0101$2VAN17 912 $fN 912 $aVAN0240525 950 $aBIBLIOTECA DEL DIPARTIMENTO DI SCIENZE E TECNOLOGIE AMBIENTALI BIOLOGICHE E FARMACEUTICHE$d17CONS e-book 2224 $e17BIB2224/544 544 20220215 996 $aMars$91422866 997 $aUNICAMPANIA